[Event "XI Closed IM BCC 2021"]
[Site "Barcelona"]
[Date "2021.03.16"]
[Round "2.4"]
[White "Boukhris-Ferre, Yacine"]
[Black "Valenzuela Gomez, Fernando"]
[Result "1/2-1/2"]
[WhiteElo "2155"]
[BlackElo "2393"]
[Annotator "TA"]
[PlyCount "45"]
[EventDate "2021.03.15"]
[EventType "tourn"]
[EventCountry "ESP"]
[SourceTitle "playchess.com"]
[Source "ChessBase"]
[SourceQuality "1"]

{[%evp 12,45,20,16,43,0,0,6,13,5,13,0,6,-17,-12,-39,0,-8,-7,-16,-5,-59,-25,-16,37,37,35,33,70,68,75,83,79,68,69,45]} 1. e4 c5 2. Nf3 d6 3. d4 cxd4 4. Nxd4 Nf6 5. Nc3 a6 6. h3 e5 7. Nde2 h5 {B90: Sicilian Najdorf: Unusual White 6th moves, 6 Be3 Ng4 and 6 Be3 e5.} 8. g3 Be6 9. Bg2 b5 {The position is equal.} 10. Bg5 Nbd7 11. O-O Be7 12. Be3 Rc8 13. f4 Qc7 14. b3 {Strongly threatening f5.} Nb6 {[#]} 15. Qd3 $146 ({Predecessor:} 15. Rc1 Bd7 16. Nd5 Nbxd5 17. exd5 exf4 18. Nxf4 b4 19. Bd4 h4 20. g4 O-O 21. c4 bxc3 22. Rxc3 {1-0 (56) Maltsevskaya,A (2318)-Song,Y (2299) Moscow 2019}) 15... O-O 16. a4 (16. Bf2 $11) 16... bxa4 17. Qxa6 Nfd7 (17... Rb8 $11) 18. f5 $36 {[%mdl 2048] White has some pressure.} Nc5 {[#]} 19. Nb5 $1 {[%cal Rb5c7]} Qc6 (19... Nxa6 20. Nxc7) 20. Qa5 Ra8 21. Na7 Qb7 {White must now prevent ...Bd7.} 22. fxe6 fxe6 23. Rxf8+ {Weighted Error Value: White=0.14/Black=0.13} ({Not} 23. bxa4 Rxf1+ 24. Kxf1 Nc4 $17) (23. Bxc5 $5 dxc5 {[#]} 24. Qc3 $1 (24. bxa4 Rxa7 25. Rxf8+ Bxf8 $14) (24. Rxf8+ Bxf8 25. Qc3 Rxa7 $14) 24... Rxa7 25. Qxe5 $16) 1/2-1/2

[Event "XI Closed IM BCC 2021"]
[Site "Barcelona"]
[Date "2021.03.16"]
[Round "2.5"]
[White "Ayats Llobera, Gerard"]
[Black "Louis, Thibault"]
[Result "1-0"]
[WhiteElo "2402"]
[BlackElo "2244"]
[Annotator "TA"]
[PlyCount "191"]
[EventDate "2021.03.15"]
[EventType "tourn"]
[EventCountry "ESP"]
[SourceTitle "playchess.com"]
[Source "ChessBase"]
[SourceQuality "1"]

{[%evp 10,191,31,23,44,18,18,29,16,18,29,19,31,31,22,26,21,19,20,20,58,23,29,29,62,49,65,25,58,26,29,0,0,0,0,0,0,-4,0,-14,-8,-38,-41,-50,-47,-65,-35,-58,-39,-48,0,-58,0,-48,0,-48,-48,-48,-48,-48,-48,-48,-48,-72,-48,-72,-40,-48,-48,-48,-40,-47,-40,-40,-40,-40,-40,-48,0,-40,-40,-40,0,-40,0,-40,-40,-40,-40,-75,0,-54,0,-72,0,-46,-40,-57,-50,-58,0,-40,0,-56,0,-47,0,-40,-39,-39,-39,-39,0,-39,0,-39,0,-39,-31,-31,-29,-29,0,-29,-4,-4,-4,-4,-4,-4,-4,-4,-4,-6,-5,-2,-2,-6,0,0,0,-119,0,0,26,60,151,119,360,379,606,657,633,609,631,606,599,592,592,555,556,521,960,872,29976,29977,29977,29978,29978,29979,29977,29978,29982,29983,29983,29984,29984,29985,29985,29986,29986,29987,29987,29988]} 1. e4 c6 2. Nc3 d5 3. Nf3 dxe4 4. Nxe4 Nf6 5. Qe2 Nxe4 6. Qxe4 Nd7 {B11: Caro-Kann: Two Knights Variation.} 7. g3 Nf6 8. Qe2 g6 {White has an edge.} 9. Bg2 Bg7 10. O-O O-O {[#]} 11. Re1 $146 ({Predecessor:} 11. d4 h6 12. c3 Be6 13. Ne5 Bd5 14. Bh3 Qd6 15. Nd3 Bc4 16. b3 Ba6 17. Bf4 {½-½ (27) Engel,R (1725)-Brobakken,G (1936) Helsingor 2015}) 11... Re8 12. d4 Bg4 13. c3 Qa5 14. h3 Be6 15. Ne5 Bd5 16. Bf1 b5 17. Bf4 a6 18. Qc2 Rac8 19. Bd3 Qb6 20. Be3 Qb7 21. Kh2 Nd7 22. Nxd7 Qxd7 23. f4 Be6 24. Bf1 a5 {[%cal Ba6a5,Ba5a4][%mdl 32]} 25. Bg2 a4 26. Bf2 h5 27. a3 Rcd8 28. Qe2 Bc4 29. Qe3 Be6 30. Qe2 Bc4 31. Qe3 Be6 32. Be4 {With the idea Bxg6!} Bxh3 33. Bxc6 $1 Qxc6 {[%csl Gh3][%cal Rc6g2]} 34. Kxh3 Qd5 35. Kh2 Rd6 36. Re2 Bf6 37. Rae1 Kg7 38. Qd3 e6 39. Re4 Qf5 40. Qf3 Rd5 41. Kg2 Rc8 42. Rh1 Rb8 43. Kf1 Rc8 44. Kg2 Rc7 45. Rhe1 Rc8 46. R4e2 Rc7 47. Qe4 Qg4 48. Re3 Rc8 49. Kf1 Rc7 (49... h4 $17) 50. R1e2 ({White should play} 50. Kg2 $11) 50... Rc8 (50... h4 $15) 51. Ke1 (51. Re1 $11) 51... Rc7 (51... h4 $17) 52. Qf3 Qf5 {( -> ...Qb1+)} 53. Re4 Rc8 54. Kf1 Rc7 (54... Qh3+ $15 55. Qg2 Qg4) 55. Kg1 Rc8 56. Qg2 (56. Kf1 $11) 56... Rc7 ({Black should try} 56... b4 $15 57. cxb4 (57. axb4 a3 $15) 57... Rc4) 57. Kh2 Rc8 (57... Qg4 {is interesting.} 58. Rd2 h4 59. gxh4 Qh5 60. Rd3 Rc8) 58. Qh3 Qxh3+ (58... Qg4 {with more complications.} 59. Rd2 Rcd8 60. Re1 Rh8 61. Be3 Kf8) 59. Kxh3 Rh8 60. Kg2 Rc8 61. Kf3 Rh8 62. Ke3 Rc8 63. Kd3 Rd7 64. Rc2 Rdc7 65. Re1 Kf8 66. Rec1 Be7 67. c4 bxc4+ 68. Rxc4 Rxc4 69. Rxc4 $11 {[%mdl 4096] Endgame KRB-KRB} Rb8 70. Kc2 Ra8 71. Rc7 Bd6 72. Rd7 Ra6 73. Be1 Ke8 74. Rb7 Ra8 75. Bb4 (75. Bc3 $11 {keeps the balance.}) 75... Bxb4 (75... Rc8+ $1 $17 76. Kd3 Rb8 $1 77. Rxb8+ Bxb8) 76. axb4 $17 {KR-KR} Kf8 77. b5 Kg7 (77... Ke8 $1 $14) 78. b6 $16 Kf6 $2 {This move loses the game for Black.} (78... Ra5 $16 {was worth a try.}) 79. Rc7 $18 Rb8 (79... Ra6 $142) 80. b7 Kf5 81. Rxf7+ Kg4 82. Kd3 Kxg3 {[#]} 83. Kc4 $1 h4 {Strongly threatening ...h3.} 84. Rh7 h3 {Hoping for ...h2.} 85. Kc5 h2 86. Kc6 Kg2 87. Kc7 {White mates.} Rf8 88. b8=Q Rxb8 89. Kxb8 h1=Q 90. Rxh1 Kxh1 {K3P-K3P} 91. Kc7 Kg2 92. Kd6 Kf3 93. Kxe6 Kxf4 94. d5 g5 95. d6 g4 96. d7 {Weighted Error Value: White=0.18/Black=0.18} 1-0

[Event "XI Closed IM BCC 2021"]
[Site "Barcelona"]
[Date "2021.03.17"]
[Round "3.1"]
[White "Louis, Thibault"]
[Black "Gonzalez, Raul Omar"]
[Result "1/2-1/2"]
[WhiteElo "2244"]
[BlackElo "2178"]
[Annotator "NA"]
[PlyCount "96"]
[EventDate "2021.03.15"]
[EventType "tourn"]
[EventCountry "ESP"]
[SourceTitle "playchess.com"]
[Source "ChessBase"]
[SourceQuality "1"]
[TimeControl "5400+30"]

1. e4 a6 2. d4 e6 3. Nf3 d5 4. exd5 exd5 5. Bd3 Nc6 6. O-O Nf6 7. c3 Be7 8. Re1 Bg4 9. Nbd2 O-O 10. Nf1 Bd6 11. Bg5 h6 12. Bh4 g5 13. Bg3 Ne7 14. h3 Bh5 15. Bxd6 Qxd6 16. Ng3 Bg6 17. Ne5 Rae8 18. Re3 h5 19. Qf3 h4 20. Nf5 Nxf5 21. Bxf5 Kg7 22. Rae1 Bh5 23. Bg4 Bg6 24. Nxg6 fxg6 25. Re6 Qd8 26. Rxe8 Rxe8 27. Rxe8 Qxe8 28. Qe2 Kf7 29. Qxe8+ Nxe8 30. Kf1 Nd6 31. Ke2 Kf6 32. Kd3 a5 33. b3 Ne4 34. Bf3 Nxf2+ 35. Ke3 Nh1 36. g4 Ng3 37. Bxd5 b6 38. c4 Ke7 39. Kf3 c5 40. dxc5 bxc5 41. Ke3 Kf6 42. Bb7 Ke5 43. Bg2 Kd6 44. Ba8 Nf1+ 45. Ke2 Ng3+ 46. Ke3 Ke5 47. Bg2 Kd6 48. Ba8 Ke5 1/2-1/2

[Event "XI Closed IM BCC 2021"]
[Site "Barcelona"]
[Date "2021.03.17"]
[Round "3.2"]
[White "Valenzuela Gomez, Fernando"]
[Black "Ayats Llobera, Gerard"]
[Result "0-1"]
[WhiteElo "2393"]
[BlackElo "2402"]
[Annotator "TA"]
[PlyCount "74"]
[EventDate "2021.03.15"]
[EventType "tourn"]
[EventCountry "ESP"]
[SourceTitle "playchess.com"]
[Source "ChessBase"]
[SourceQuality "1"]

{[%evp 18,74,44,42,58,59,67,65,70,69,113,121,100,108,115,92,85,96,116,106,96,102,110,125,136,129,121,122,138,46,43,54,56,54,32,7,19,19,19,19,19,19,19,19,19,18,78,2,8,2,6,12,12,0,0,-262,-242,-571,-523]} 1. Nf3 Nf6 2. c4 g6 3. Nc3 Bg7 4. e4 d6 5. d4 O-O 6. Be2 e5 7. O-O Nc6 8. d5 Ne7 9. b4 Ne8 10. a4 h6 {E97: King's Indian: Classical Main Line (6...e5 7 0-0 Nc6): 8 Be3 and 8 d5 Ne7, not 9 Ne1.} 11. a5 f5 12. Nd2 Nf6 {White is slightly better.} 13. f3 f4 14. c5 g5 15. Nc4 Ng6 16. Ba3 Rf7 17. b5 {[%cal Rc5d6]} Bf8 18. b6 cxb6 19. axb6 {[#]} dxc5 $146 ({Predecessor:} 19... h5 20. cxd6 g4 21. Kh1 g3 22. Bc5 a6 23. Re1 gxh2 24. Nb5 axb5 25. Rxa8 bxc4 {1-0 (40) Korotylev,A (2573)-Nurmanova,A (1825) Moscow 2018}) 20. bxa7 Rxa7 21. Nb5 Ra6 22. Bb2 Bd7 {[#] Hoping for ...Rxa1.} 23. Nxe5 (23. Rxa6 $16 bxa6 24. Nbd6 Bxd6 25. Nxd6) 23... Nxe5 $14 24. Bxe5 {Black must now prevent d6.} Qe8 $1 {[%cal Re8e5]} 25. Rxa6 bxa6 {[#]} 26. Qa1 $1 Nxd5 (26... Bxb5 27. Bxb5) 27. Nd6 Bxd6 28. Bxd6 {aiming for Rb1.} Ne3 29. Rb1 Bb5 30. Bxb5 axb5 31. Bxc5 Qd7 (31... Qc6 $11 32. Qc3 Nc4) 32. Qc3 (32. Qb2 $16) 32... g4 $1 $11 {[%cal Rg4f3] And now ...gxf3 would win.} 33. fxg4 Qxg4 $40 {[%csl Ge3][%cal Rg4g2][%mdl 128] White needs to defend precisely.} 34. Bxe3 Rg7 {[%csl Gg7][%cal Rg4g2]} 35. g3 fxg3 36. h3 {[%mdl 8192]} (36. Qb3+ $11 Kh7 37. hxg3 Qxg3+ 38. Kf1) 36... Qxh3 $19 {( -> ...Qh2+)} 37. Rb2 (37. Qc2 {is a better chance.} g2 38. Qb3+ Kh8 39. Kf2 Qh4+ {[%mdl 64] Double Attack} 40. Ke2 Qg4+ 41. Kd3 Rd7+ 42. Bd4+ Kh7 43. Qd1 Qg3+ 44. Ke2) 37... g2 {Weighted Error Value: White=0.40/Black=0.08} 0-1

[Event "XI Closed IM BCC 2021"]
[Site "Barcelona"]
[Date "2021.03.17"]
[Round "3.3"]
[White "Jimenez Ruano, Adrian"]
[Black "Boukhris-Ferre, Yacine"]
[Result "0-1"]
[WhiteElo "2326"]
[BlackElo "2155"]
[Annotator "TA"]
[PlyCount "100"]
[EventDate "2021.03.15"]
[EventType "tourn"]
[EventCountry "ESP"]
[SourceTitle "playchess.com"]
[Source "ChessBase"]
[SourceQuality "1"]

{[%evp 13,100,37,46,45,43,37,44,48,31,12,50,-18,-18,-1,-9,0,60,66,76,-10,0,0,0,-9,6,6,6,8,10,8,35,29,38,25,112,105,113,40,52,0,0,-16,0,-21,0,0,0,0,0,0,0,0,0,0,0,0,8,8,12,0,14,0,0,0,0,0,0,0,0,0,0,0,0,-39,-46,-54,0,0,0,-63,-80,-29987,-29988,-29988,-29989,-29989,-29990,-29990,-818]} 1. d4 Nf6 2. c4 g6 3. Nc3 Bg7 4. e4 d6 5. Nf3 O-O 6. h3 e5 7. d5 Nh5 8. g3 {E90: King's Indian: Classical: Early deviations and 6 h3.} Na6 9. Be2 f5 10. exf5 {White is slightly better.} gxf5 11. Ng5 (11. Bg5 $5 {[%cal Rg5d8]} Qe8 12. Nh4 $11) 11... Nf6 12. g4 {[#]} (12. Be3 $14) 12... h6 $146 ({Predecessor:} 12... Qe8 13. gxf5 Bxf5 14. Bg4 Bg6 15. Ne6 Nb4 16. Nxf8 Nd3+ 17. Ke2 Qxf8 18. Be3 Nxg4 19. hxg4 Nxb2 {0-1 (40) Macieja,B (2625)-Salgado Lopez,I (2592) Rijeka 2010}) 13. Ne6 Bxe6 14. dxe6 Ne4 (14... f4 $1 $11) 15. Nxe4 $14 fxe4 16. Qd5 (16. Be3 $16) 16... c6 $11 17. Qxe4 {[#] Hoping for Bd3.} Nc5 {[%csl LRe4,LRe6]} 18. Qg6 Qe8 19. Qxe8 Raxe8 20. Be3 Nxe6 21. O-O-O Nd4 22. Bf1 c5 23. Bg2 Rb8 (23... e4 $11) 24. Bd5+ $16 Kh8 25. h4 (25. a4 $16) 25... b5 $14 26. h5 (26. cxb5 $14 Rxb5 27. Kb1) 26... bxc4 $11 27. Bxc4 e4 28. b3 a5 {[%cal Ba7a5,Ba5a4][%mdl 32]} 29. Rhe1 a4 30. Bxd4 Bxd4 31. Rxe4 Rxf2 32. Rd2 Rf3 {[%cal Ra4b3]} 33. Rde2 Be5 {[%cal Ra4b3]} 34. bxa4 Rc3+ 35. Rc2 {aiming for Rxc3.} Rg3 36. Bb5 Rf8 37. Rce2 Rc3+ 38. Kd1 Rf1+ 39. Re1 Rf2 40. R4e2 Rf4 41. Re4 {Threatens to win with Rxf4.} Rf2 42. R4e2 Rf4 43. Rd2 Rb4 {[%mdl 1024] Black has compensation.} 44. Ke2 Re4+ (44... Bg3 $15 45. Rf1 Re4+ 46. Kd1 Bf4 47. Rxf4 Rxf4 48. Rxd6 Kg7 49. Rg6+ Kh7) 45. Kd1 Rb4 46. Rf1 (46. Ke2 $1 $11) 46... Bf4 $1 $15 ({Much weaker is} 46... Rxg4 47. a5 $14) 47. Rd5 $2 {[%mdl 8192] [#] This costs White the game.} (47. Rxf4 $17 Rxf4 48. Rxd6) 47... Rb1+ {Black mates.} 48. Ke2 Rb2+ {[%mdl 64] Double Attack} 49. Ke1 Rc1+ 50. Rd1 Bg3+ {Weighted Error Value: White=0.29/Black=0.10} 0-1

[Event "XI Closed IM BCC 2021"]
[Site "Barcelona"]
[Date "2021.03.17"]
[Round "3.4"]
[White "Fantinel, Thibault"]
[Black "Martin Gonzalez, Angel"]
[Result "0-1"]
[WhiteElo "2375"]
[BlackElo "2272"]
[Annotator "TA"]
[PlyCount "72"]
[EventDate "2021.03.15"]
[EventType "tourn"]
[EventCountry "ESP"]
[SourceTitle "playchess.com"]
[Source "ChessBase"]
[SourceQuality "1"]

{[%evp 27,72,67,55,67,74,68,47,45,45,47,24,0,35,41,73,68,44,0,93,38,31,-69,0,0,0,0,0,-8,-8,-8,-8,-49,-52,-50,-45,-223,-222,-202,-217,-492,-496,-410,-422,-29974,-29977,-6624,-6215]} 1. e4 c5 2. Nf3 d6 3. d4 cxd4 4. Nxd4 Nf6 5. Nc3 g6 6. Be3 Bg7 7. f3 Nc6 8. Qd2 O-O 9. O-O-O d5 10. Qe1 e5 11. Nxc6 bxc6 12. exd5 cxd5 13. Bg5 Be6 14. Bc4 Qc7 15. Bxf6 {B76: Sicilian Dragon: Yugoslav Attack, 9 g4 and 9 0-0-0.} ({Don't blunder} 15. Nxd5 $2 Qxc4 16. b3 (16. Nxf6+ $2 Bxf6 17. Bxf6 Qf4+ {[%mdl 64] Double Attack} 18. Kb1 Qxf6 $19) 16... Qxd5 $19) 15... dxc4 16. Bxg7 Kxg7 17. h4 {[#] White is slightly better.} Rfd8 $146 ({Predecessor:} 17... Rab8 18. h5 Qb6 19. Na4 Qb5 20. Qe3 Kf6 21. f4 Qxa4 22. Qxe5+ Ke7 23. hxg6 hxg6 {½-½ (30) Fier,A (2558)-Huang,R (2328) Tianjin 2018}) 18. Qe3 f6 19. Ne4 Qb6 20. Qa3 Bf7 {[#]} 21. g4 $1 a5 22. h5 {Black must now prevent h6+.} g5 (22... Rxd1+ $11 23. Rxd1 Rd8) 23. h6+ (23. Qe7 $16 {Threatens to win with Rd6!} Rxd1+ 24. Rxd1 Qe3+ 25. Kb1 Qxf3 26. Re1) 23... Kg6 $1 $14 24. Nc5 ({White should try} 24. Qe7 $14 Rab8 25. Rd6 Rxd6 26. Nxd6 Qxb2+ 27. Kd1 Qb1+ 28. Kd2 c3+ 29. Ke3 Qxa2 30. Qd7) 24... Rxd1+ (24... Bd5 $15) 25. Rxd1 $11 Qb4 26. Qe3 {Qe4+ would kill now.} c3 $1 {[%mdl 64] Decoy} 27. bxc3 Qa3+ 28. Kd2 $132 {[%mdl 2048] White threatens Qe4+ and mate. White puts up resistance} Rd8+ 29. Nd3 {Hoping for f4!} Kxh6 {And now ...Kg7 would win.} 30. Qb6 Qd6 31. Qxa5 {[#] This move loses the game for White.} (31. Qxd6 $15 Rxd6 32. Rb1) 31... e4 $1 $19 32. fxe4 Qf4+ $1 {[%mdl 64] Double Attack} 33. Ke2 $2 (33. Ke1 {was forced.} Qxe4+ 34. Kf2) 33... Qxg4+ 34. Kf2 Qh4+ ({Less strong is} 34... Qxd1 35. Qxd8 Qxc2+ 36. Ke3 $17) 35. Ke3 (35. Kf1 $19 Qh3+ 36. Kf2 Qh2+ 37. Kf1 Qxc2 38. Qxd8 Qxd1+ 39. Kg2 Qd2+ 40. Kg3) 35... Qg3+ 36. Kd2 Qf4+ $1 {[%mdl 64] Double Attack.  Weighted Error Value: White=0.62/Black=0.14} 0-1

[Event "XI Closed IM BCC 2021"]
[Site "Barcelona"]
[Date "2021.03.17"]
[Round "3.5"]
[White "Hernandez, Cristian Andres"]
[Black "Martin Barcelo, Carles"]
[Result "1-0"]
[WhiteElo "2355"]
[BlackElo "2258"]
[Annotator "TA"]
[PlyCount "141"]
[EventDate "2021.03.15"]
[EventType "tourn"]
[EventCountry "ESP"]
[SourceTitle "playchess.com"]
[Source "ChessBase"]
[SourceQuality "1"]

{[%evp 12,141,27,31,23,15,9,16,29,20,22,22,21,16,22,-159,-158,-162,-160,-172,-176,-133,-129,-133,-87,-118,-81,-75,-91,-68,0,0,20,4,140,150,126,93,136,116,268,265,279,263,289,310,333,320,325,0,74,76,57,0,0,0,0,0,0,0,56,56,59,56,56,56,56,56,56,56,56,56,58,0,15,20,89,0,54,23,35,0,22,0,48,45,108,97,106,92,100,89,112,113,113,113,309,302,302,223,302,294,280,280,296,280,272,206,960,833,1090,1062,1275,913,1231,1231,1213,1163,1193,981,5169,4922,4922,4922,4922,4918,29976,29975,29986,29987,29993,29994]} 1. e4 e6 2. d4 d5 3. Nc3 Nf6 4. Bg5 dxe4 5. Nxe4 Nbd7 6. Nf3 h6 7. Bxf6 Nxf6 {C13: French: Classical System: 4 Bg5 Be7, Alekhine-Chatard Attack.} 8. Bd3 Nxe4 9. Bxe4 c5 {The position is equal.} 10. d5 Qc7 {[#]} 11. Qd3 $146 ({Predecessor:} 11. Qe2 Be7 12. O-O-O O-O 13. Ne5 Bd6 14. Nc4 exd5 15. Bxd5 Bf4+ 16. Kb1 Be6 17. Bxe6 Rae8 {½-½ (17) Zhelnin,V (2475)-Dolmatov,S (2560) Krasnodar 1997}) 11... Bd6 {aiming for ...f5.} 12. dxe6 Bxe6 13. Rd1 $2 (13. Qb5+ $11 Ke7 14. O-O-O (14. Bxb7 $2 Rhb8 $19) (14. Qxb7 Qxb7 15. Bxb7 Rab8 $17)) 13... O-O-O $17 14. Qc3 g5 15. h3 f5 16. Bd5 Rhe8 17. Kf1 g4 {Hoping for ...Bxd5.} 18. hxg4 fxg4 {And now ...Bxd5 would win.} 19. Bxe6+ Rxe6 20. Qc4 Rg6 (20... Qd7 $15 21. Re1 Ree8 22. Rxe8 Rxe8) 21. Nh4 $36 {[%mdl 2048] White has good play.} Rgg8 22. Nf5 Be5 (22... Bf4 $1 $11 23. Rd3 Rgf8) 23. Rxd8+ $1 $16 Rxd8 24. Qxg4 Kb8 25. Rxh6 Qf7 $2 (25... Qa5 $16 {keeps fighting.}) 26. b3 $18 Rf8 27. Rh5 Qd7 28. Ne3 Qd2 {[%csl Gf8][%cal Rd2f2]} 29. Rf5 {[%cal Rf5f8]} Rh8 {[%cal Rh8h1]} 30. Rh5 (30. g3 $18 Bc7 31. Qe4) 30... Rf8 $1 $16 {[%csl Gf8][%cal Rd2f2]} 31. Qe2 (31. Nd1 $5 {[%cal Rh5e5]} Bd4 32. Qe2 $14) 31... Qc1+ 32. Qe1 (32. Nd1 $1 $14 Bd4 33. f3) 32... Rxf2+ $1 $11 {[%mdl 64] Remove Defender} 33. Kxf2 Bg3+ $1 34. Kxg3 {Threatening mate with Rh8+.} Qxe1+ {[%mdl 4096] Endgame KQ-KRN} 35. Kf3 Kc7 ({Black should try} 35... Qc3 $11) 36. Rxc5+ $14 Kd6 37. Rh5 (37. Ra5 {is more complex.} a6 38. a4 Ke6 39. Rf5 Qh1 40. Ke4) 37... Ke6 38. a4 Qc3 39. g4 Qc6+ 40. Rd5 Qc3 41. Ke4 Qe1 42. g5 (42. Re5+ $14 Kf6 43. Rf5+ Kg6 44. Rb5) 42... b6 (42... Qh1+ {with more complications.} 43. Kd4 Qh8+ 44. Kd3 b6 45. Rf5 Qh7) 43. Re5+ Kd6 (43... Kf7 $11 {keeps the balance.}) 44. Rf5 ({White should play} 44. Kf5 $1 $16 {White wants to mate with Nc4+.} Qf2+ 45. Kg6) 44... Ke6 (44... Qh1+ $11 45. Kd3 Qh7) 45. Rf6+ Ke7 46. Rh6 Kf7 (46... Ke8 {is interesting.} 47. Kf3 Kd7 48. Rh2 Ke8 49. g6 Qc3) 47. Rh7+ Kg6 48. Rxa7 Kxg5 (48... Qb4+ $14 49. Kf3 Qf8+ 50. Ke2 Kxg5) 49. Rd7 Qh1+ 50. Kd3 Qc6 51. Rd5+ Kf4 52. Rf5+ Kg3 53. Rb5 Kf3 $2 (53... Kf2 $16 54. Nc4 Qg6+ 55. Kc3 Qf6+ 56. Re5 Kg3) 54. Nc4 $1 $18 {[%cal Rc4e5]} Qg6+ 55. Kd2 {White threatens Ne5+ and mate.} Qh6+ {[#]} 56. Kc3 $1 Qf6+ {[#]} 57. Re5 $1 Kf4 58. Kb4 Qg6 59. c3 Qc2 $2 (59... Qg8 60. Kb5 Kg4 61. Re4+ (61. Kxb6 Qb8+ 62. Kc5 Qxb3 $16) 61... Kg3 62. Re3+ (62. Nxb6 Qxb3+ {[%mdl 64] Double Attack} 63. Kc5 Qxc3+ 64. Nc4 Qc2 $11) 62... Kf4) 60. Re6 Qg2 61. Rxb6 Ke4 62. Rd6 Qg7 63. a5 {[%cal Ba4a5,Ba5a6][%mdl 32]} Qb7+ 64. Ka4 Kf5 65. a6 Qh1 66. Kb5 Qa1 67. Kb4 Qg1 68. Rb6 Qa1 69. Rb5+ {White mates.} Ke4 70. Ra5 Qf1 71. Nd2+ {[%mdl 64] Double Attack. Both players deserved the win here.  Weighted Error Value: White=0.25/Black=0.28} 1-0

[Event "XI Closed IM BCC 2021"]
[Site "Barcelona"]
[Date "2021.03.18"]
[Round "4.1"]
[White "Gonzalez, Raul Omar"]
[Black "Martin Barcelo, Carles"]
[Result "1-0"]
[WhiteElo "2178"]
[BlackElo "2258"]
[Annotator "RC"]
[PlyCount "89"]
[EventDate "2021.03.15"]
[EventType "tourn"]
[EventCountry "ESP"]
[SourceTitle "playchess.com"]
[Source "ChessBase"]
[SourceQuality "1"]
[TimeControl "5400+30"]

1. c4 g6 2. Nc3 Bg7 3. Nf3 Nf6 4. g3 O-O 5. Bg2 d6 6. O-O Nc6 7. d3 e5 8. Rb1 a5 9. a3 Re8 10. e4 Bg4 11. h3 Bxf3 12. Bxf3 Nd4 13. Bg2 Nd7 14. Be3 c6 15. Kh2 Nc5 16. Ne2 b5 17. cxb5 cxb5 18. f4 Nxe2 19. Qxe2 exf4 20. gxf4 Rc8 21. f5 d5 22. fxg6 hxg6 23. Rbc1 Be5+ 24. Kh1 d4 25. Bd2 Nb3 26. Rxc8 Qxc8 27. Bg5 Kg7 28. Qd1 Qe6 29. Qf3 f6 30. Bf4 Bxf4 31. Qxf4 Qe5 32. Qg4 Qd6 33. Rf5 Re5 34. Rf1 Rg5 35. e5 Rxg4 36. exd6 Rh4 37. Re1 Nc5 38. d7 Rh8 39. Re7+ Kh6 40. Re8 Nxd7 41. Rxh8+ Kg5 42. Rd8 Nc5 43. Rd5+ Kf4 44. Rxc5 Ke3 45. Rxb5 1-0

[Event "XI Closed IM BCC 2021"]
[Site "Barcelona"]
[Date "2021.03.18"]
[Round "4.2"]
[White "Martin Gonzalez, Angel"]
[Black "Hernandez, Cristian Andres"]
[Result "0-1"]
[WhiteElo "2272"]
[BlackElo "2355"]
[Annotator "TA"]
[PlyCount "76"]
[EventDate "2021.03.15"]
[EventType "tourn"]
[EventCountry "ESP"]
[SourceTitle "playchess.com"]
[Source "ChessBase"]
[SourceQuality "1"]

{[%evp 20,76,51,34,42,58,56,33,46,27,85,62,70,63,61,38,72,60,58,49,43,-37,-38,-45,-51,-68,295,70,51,0,253,257,268,281,339,73,550,486,815,776,623,482,489,467,447,-120,-135,-847,-849,-847,-834,-819,-800,-773,-662,-654,-471,-1126,-1107]} 1. e4 c5 2. Nf3 d6 3. d4 Nf6 4. Nc3 cxd4 5. Nxd4 a6 6. Bg5 e6 7. f4 h6 8. Bh4 Be7 9. Qf3 Nbd7 10. O-O-O Qc7 {10...g5 is more advanced technology.} 11. Be2 O-O {was the old line (11...Rb8). B99: Sicilian Najdorf: 6 Bg5 e6 7 f4 Be7 8 Qf3 Qc7 9 0-0-0 Nbd7.} 12. g4 b5 $1 {[%cal Rb5b4]} 13. Rhg1 {g5 is the strong threat.} b4 {[#]White is slightly better.} 14. g5 $1 bxc3 (14... hxg5 $11 15. fxg5 Ne8) 15. gxf6 $16 Bxf6 16. Qg3 {Hoping for Bxf6.} g6 $1 17. Bh5 $1 {[%cal Rh5g6]} Bxh4 18. Qxh4 $40 {[%mdl 128] White mounts an attack.} Qd8 19. Qh3 {aiming for Bxg6!} Qf6 {[#] White must now prevent ...cxb2+.} 20. Ne2 $146 (20. Kb1 $14) ({Predecessor:} 20. Kb1 Kh7 21. Nxe6 Rg8 22. Ng5+ Kg7 23. Bxg6 hxg5 24. Bf5 Kf8 25. fxg5 Qh8 26. Qe3 {½-½ (56) Anokhin,Y (2386)-Nekhaev,A (2519) ICCF email 2015}) 20... cxb2+ 21. Kb1 Kh7 {And now ...e5 would win.} 22. Rxd6 Nc5 $2 {[%mdl 8192] [#]} (22... Rb8 $15 {stays ahead.} 23. Qd3 Qe7) 23. Qe3 $1 Nb7 $14 24. Rb6 (24. Rc6 $1 $14) 24... Qe7 $2 {[%mdl 8192] [#]} (24... gxh5 $11 {and Black stays safe.} 25. e5 Qd8) 25. e5 $1 $18 Rg8 (25... gxh5 $2 26. Qg3 $18) (25... Nc5 26. f5) 26. Bf3 Qc7 27. Nc3 $2 (27. Kxb2 Na5 $1 $11) (27. Rxb2 Rb8 $14) (27. f5 $18 {is more deadly.} Rb8 28. Rc6 (28. Rxb2 Na5 $17)) 27... Rb8 $2 {[%mdl 8192]} (27... Na5 $16 {is a better chance.} 28. Bxa8 Nc4) 28. Ne4 Rd8 (28... Bd7 $142 29. Nf6+ {[%mdl 64] Double Attack} (29. Rxb2 Kg7 $11) (29. Kxb2 Nc5 $17) 29... Kg7 30. Nxg8 Kxg8) 29. Nf6+ Kg7 30. Be4 {Strongly threatening Bxg6!} (30. f5 exf5 31. Nd5 Qc5 $18) 30... Na5 {[%cal Bb7a5,Ba5c4,Bc4d2,Bd2f1][%mdl 32]} 31. Rxb8 ({Wrong is} 31. Rxb2 $2 Rxb2+ 32. Ka1 Nc4 $19) 31... Nc4 (31... Qxb8 32. Bxg6 $1 fxg6 33. Rxg6+ $3 {[%mdl 512]} Kf7 34. Qg1 Rd1+ 35. Qxd1 Qb5 36. Rxh6) 32. Rxc8 $2 Rxc8 $17 33. Qc3 {[%mdl 8192] [#]} (33. Qd4 $17 Rd8 34. Bd5 Na3+ {[%mdl 64] Discovered Attack} 35. Kxb2 Nxc2 36. Qc3 Qb6+ {[%mdl 64] Double Attack} 37. Bb3 Qxg1 38. Qxc2) 33... Qc5 $1 $19 {[%cal Rc5g1] Black is clearly winning.} 34. Rg3 Qf2 {[%mdl 64] ( -> ...Qf1+). Double Attack} 35. Bd3 Nd2+ {[%mdl 64] Discovered Attack} 36. Kxb2 Rxc3 37. Kxc3 Nf1 38. Rg4 (38. Bxf1 $142 Qxf1 39. a4) 38... Nxh2 {Weighted Error Value: White=0.80/Black=0.56} 0-1